000
00339nam a2200157Ia 4500
100
_a
Gajjar/Dhiren
650
_a
Chemistry
942
_c
BK
654
_a
Chemistry
245
_a
Applied Chemistry II
260
_b
Students book depot
_a
New york
_c
1992
082
_a
660-076
_b
SHA
300
_a
167
546
_a
ENGLISH
999
_c
30231
_d
30231